Online
Catalog

Manual de calidad de vida : (Record no. 4338)

MARC details
000 -CABECERA
campo de control de longitud fija 01127nam a2200277 a 4500
001 - NÚMERO DE CONTROL
campo de control 000004529
005 - FECHA Y HORA DE LA ÚLTIMA TRANSACCIÓN
campo de control 20260417112310.0
008 - DATOS DE LONGITUD FIJA--INFORMACIÓN GENERAL
campo de control de longitud fija 090723s2007 dr ac 000 0 spa d
020 ## - NÚMERO INTERNACIONAL ESTÁNDAR DEL LIBRO
ISBN cancelado o inválido 999349950X
040 ## - FUENTE DE LA CATALOGACIÓN
Centro catalogador/agencia de origen DO-SdBNP
Lengua de catalogación spa
Centro/agencia transcriptor BNPHU
082 ## - NÚMERO DE LA CLASIFICACIÓN DECIMAL DEWEY
Número de clasificación 305.235
Número de documento/Ítem C117m
100 1# - ENTRADA PRINCIPAL--NOMBRE DE PERSONA
Nombre de persona Cabreja, German
9 (RLIN) 13225
245 10 - MENCIÓN DE TÍTULO
Título Manual de calidad de vida :
Resto del título programa de desarrollo personal, familiar y profesional /
Mención de responsabilidad, etc. German Cabreja ; colaboradores Rafael Cruz, Rosa Lina Valdez.
246 14 - FORMA VARIANTE DE TÍTULO
Título propio/Titulo breve Programa de desarrollo personal, familiar y profesional :
Resto del título manual de calidad de vida.
260 ## - PUBLICACIÓN, DISTRIBUCIÓN, ETC.
Lugar de publicación, distribución, etc. Santo Domingo :
Nombre del editor, distribuidor, etc. Cultural Hispanoamericana,
Fecha de publicación, distribución, etc. [2007].
300 ## - DESCRIPCIÓN FÍSICA
Extensión 206 p. :
Otras características físicas il., gráfcs. ;
Dimensiones 28 cm.
500 ## - NOTA GENERAL
Nota general La biblioteca posee 3 ejemplares autografíados por la autora.
590 ## - NOTA LOCAL (RLIN)
Nota local Inventariado, 2018/VM
650 #0 - PUNTO DE ACCESO ADICIONAL DE MATERIA--TÉRMINO DE MATERIA
Término de materia o nombre geográfico como elemento de entrada Autoestima
9 (RLIN) 212
650 #4 - PUNTO DE ACCESO ADICIONAL DE MATERIA--TÉRMINO DE MATERIA
Término de materia o nombre geográfico como elemento de entrada Educación sexual para jóvenes
9 (RLIN) 908
650 #4 - PUNTO DE ACCESO ADICIONAL DE MATERIA--TÉRMINO DE MATERIA
Término de materia o nombre geográfico como elemento de entrada Educación para la vida familiar
9 (RLIN) 2729
650 #0 - PUNTO DE ACCESO ADICIONAL DE MATERIA--TÉRMINO DE MATERIA
Término de materia o nombre geográfico como elemento de entrada Psicología del adolescente
9 (RLIN) 9034
700 1# - PUNTO DE ACCESO ADICIONAL--NOMBRE DE PERSONA
Nombre de persona Cruz, Rafael,
Término indicativo de función/relación col.
9 (RLIN) 13226
700 1# - PUNTO DE ACCESO ADICIONAL--NOMBRE DE PERSONA
Nombre de persona Valdez, Rosa Lina,
Término indicativo de función/relación col.
9 (RLIN) 13227
910 ## - DATOS DE OPCIÓN DEL USUARIO (OCLC)
Datos de opción del usuario Validado. Control de calidad EMS
Holdings
Estado de retiro Estado de pérdida Restricciones de uso No para préstamo Código de colección Localización permanente Ubicación/localización actual Ubicación en estantería Fecha de adquisición Número de inventario Total de préstamos Signatura topográfica completa Código de barras Fecha visto por última vez Número de copia Precio válido a partir de Tipo de ítem Koha
        Dominicana de Servicio General General Depósito 14.04.2011 LF1   305.235 C117m 4529-40 25.06.2020 e. 4 25.06.2020 Libro y Folleto Colección Dominicana de Servicio
      Excluido de préstamo Patrimonio Dominicano Patrimonio Dominicano Patrimonio Dominicano Depósito 23.07.2009 LF1   305.235 C117m 4529-10 25.06.2020   25.06.2020 Libro y Folleto Colección Patrimonio Dominicano
      Excluido de préstamo Patrimonio Dominicano Patrimonio Dominicano Patrimonio Dominicano Depósito 16.02.2011 LF1   305.235 C117m 4529-20 25.06.2020 e. 2 25.06.2020 Libro y Folleto Colección Patrimonio Dominicano
        Dominicana de Servicio Patrimonio Dominicano Patrimonio Dominicano Depósito 16.02.2011 LF1   305.235 C117m 4529-30 25.06.2020 e. 3 25.06.2020 Libro y Folleto Colección Dominicana de Servicio

Powered by Koha